Central Library OPAC University of Rajshahi

The imperial gazetteer of India : (Record no. 36995)

MARC details
000 -LEADER
fixed length control field 01147nam a2200265 a 4500
001 - CONTROL NUMBER
control field 36995
003 - CONTROL NUMBER IDENTIFIER
rucl marc code BD-RjUL
005 - DATE AND TIME OF LATEST TRANSACTION
control field 20211209052551.0
008 - FIXED-LENGTH DATA ELEMENTS--GENERAL INFORMATION
fixed length control field 181025m19741972ii b b f00100 eng d
035 ## - SYSTEM CONTROL NUMBER
System control number (BD-RjUL)37097
040 ## - CATALOGING SOURCE
Original cataloging agency ANL
Language of cataloging eng
Modifying agency ANL
Transcribing agency BD-RjUL
041 ## - LANGUAGE CODE
Language code of text/sound track or separate title eng
043 ## - GEOGRAPHIC AREA CODE
Geographic area code a-ii---
082 0# - DEWEY DECIMAL CLASSIFICATION NUMBER
Classification number 915.4003
Edition number 23
Author mark and year IMP V-1-V-25 1972-1974
245 04 - TITLE STATEMENT
Title The imperial gazetteer of India :
Remainder of title the Indian empire /
Statement of responsibility, etc. published under the authority of His Majesty's Secretary of State for India in Council.
250 ## - EDITION STATEMENT
Edition statement New ed., Indian Reprint Ed.
260 ## - PUBLICATION, DISTRIBUTION, ETC. (IMPRINT)
Place of publication, distribution, etc. New Delhi:
Name of publisher, distributor, etc. Today & tomorrow's printers & publ,
Date of publication, distribution, etc. 1907-1909 [Reprinted 1972 - ca. 1974]
300 ## - PHYSICAL DESCRIPTION
Pagination v. :
Illustrations Ill. ; ;
Size 22 cm.
500 ## - GENERAL NOTE
General note 1st ed. published in 9 vol. in 1881, 2nd ed. in 14 vol. from 1885-1887, 3rd ('New') ed. in 26 vols. from 1907-1909 and 'New (revised) ed.' in 1931.
504 ## - BIBLIOGRAPHY, ETC. NOTE
Bibliography, etc Includes bibliographical references and indexes.
505 0# - FORMATTED CONTENTS NOTE
Formatted contents note The Indian Empire: -- v. 1. Descriptive -- v. 2. Historical -- v. 3. Economic -- v. 4. Administrative --
651 #0 - SUBJECT ADDED ENTRY--GEOGRAPHIC NAME
Geographic name India
General subdivision Gazetteers.
9 (RLIN) 224237
Geographic name India
General subdivision Maps.
9 (RLIN) 224238
942 ## - ADDED ENTRY ELEMENTS (KOHA)
Source of classification or shelving scheme Dewey Decimal Classification
Koha item type Rare Books
Holdings
Lost status Source of classification or shelving scheme Damaged status Not for loan Collection code Permanent Location Current Location Shelving location Date acquired Source of acquisition Cost, normal purchase price Total Checkouts Full call number Date last seen Copy number Koha item type
  Dewey Decimal Classification   Not For Loan Rare Books Central Library, University of Rajshahi Central Library, University of Rajshahi Rare Book Section 25/10/2018 K. P. Bagchi and Co. 125.00   RA 915.4003 IMP V-1 1972 25/10/2018 C-1 Rare Books
  Dewey Decimal Classification   Not For Loan Rare Books Central Library, University of Rajshahi Central Library, University of Rajshahi Rare Book Section 25/10/2018       RA 915.4003 IMP V-2 1972 25/10/2018 C-1 Rare Books
  Dewey Decimal Classification   Not For Loan Rare Books Central Library, University of Rajshahi Central Library, University of Rajshahi Rare Book Section 25/10/2018       RA 915.4003 IMP V-3 1972 25/10/2018 C-1 Rare Books
  Dewey Decimal Classification   Not For Loan Rare Books Central Library, University of Rajshahi Central Library, University of Rajshahi Rare Book Section 25/10/2018       RA 915.4003 IMP V-4 1972 25/10/2018 C-1 Rare Books